Finančný radca

Guardado en:
Detalles Bibliográficos
Formato: Seriadas
Lenguaje:eslovaco
Publicado: Žilina Poradca podnikateľa
Materias:
Etiquetas: Agregar Etiqueta
Sin Etiquetas, Sea el primero en etiquetar este registro!

MARC

LEADER 00000nas1a2200000 4500
001 s122035
005 20250613131931.4
022 |a 1335-3861 
041 0 |a slo 
044 |a SK 
245 1 0 |a Finančný radca 
264 1 |a Žilina  |b Poradca podnikateľa 
610 2 0 |a trh finančný 
610 2 0 |a financie